000 00507nam a2200157 i 4500
001 37142
003 ES-MaACL
005 20230906155518.0
007 t|
008 030220s1922 fr ||||1| fre d
100 1 _aBrunot, Ferdinand.
_932205
245 1 3 _aLa sensée et la langrie
_b: methode principes et plan d'une theorie nouvelle du langage appliquée au français /
_cFerdinand Brunot.
260 _aParis :
_bMasson et Cie,
_c1922.
300 _aXXXVI, 954 p. ;
_c25 cm.
852 _aES-MaACL
_jC-2361
999 _c37142
_d37142